Catálogo público

Manual de procedimientos analíticos para alimentos de consumo animal / (Record no. 164868)

MARC details
000 -CABECERA
campo de control de longitud fija 00897nam a2200265Ia 4500
001 - NÚMERO DE CONTROL
campo de control Z_1777
003 - IDENTIFICADOR DEL NÚMERO DE CONTROL
campo de control CHAP
008 - DATOS DE LONGITUD FIJA--INFORMACIÓN GENERAL
campo de control de longitud fija 220113s1979 xx 000 0 und d
010 ## - NÚMERO DE CONTROL DE LA BIBLIOTECA DEL CONGRESO
Número de control de LC 164868
040 ## - FUENTE DE LA CATALOGACIÓN
Centro/agencia transcriptor CHAP
082 ## - NÚMERO DE LA CLASIFICACIÓN DECIMAL DEWEY
Número de clasificación 636.085 S67
100 ## - ENTRADA PRINCIPAL--NOMBRE DE PERSONA
Nombre de persona Sosa de Pró, Esther
9 (RLIN) 108798
245 ## - MENCIÓN DE TÍTULO
Título Manual de procedimientos analíticos para alimentos de consumo animal /
Mención de responsabilidad, etc. Esther Sosa de Pró
260 ## - PUBLICACIÓN, DISTRIBUCIÓN, ETC.
Lugar de publicación, distribución, etc. Chapingo, Méx. :
Nombre del editor, distribuidor, etc. UACH. Departamento de Zootecnia,
Fecha de publicación, distribución, etc. 1979
300 ## - DESCRIPCIÓN FÍSICA
Extensión 115 p.
500 ## - NOTA GENERAL
Nota general FALTAN 4 EJMPLARES (NO HAN SIDO DEVUELTOS)
503 ## - NOTA DE HISTORIA BIBLIOGRÁFICA (BK CF MU) [OBSOLETO]
Nota de historia bibliográfica ej.1: donación\ ej.2: \ ej.3: fotocopias \ ej.4: \ ej.5: donación \ ej.6: \ ej.7: fotocopias \ ej.8: donación \ ej.9: \ ej.10: donación \ ej.11: donación
650 ## - PUNTO DE ACCESO ADICIONAL DE MATERIA--TÉRMINO DE MATERIA
Término de materia o nombre geográfico como elemento de entrada Alimentos y alimentación del ganado
Subdivisión general Análisis
9 (RLIN) 4327
901 ## - ELEMENTOS DE DATOS A LOCAL LDA (RLIN)
a 636.085 S67
902 ## - ELEMENTOS DE DATOS B LOCAL, LDB (RLIN)
a M
910 ## - DATOS DE OPCIÓN DEL USUARIO (OCLC)
Datos de opción del usuario 1979
942 ## - ELEMENTOS DE PUNTO DE ACCESO ADICIONAL (KOHA)
Tipo de ítem Koha Libro_
942 ## - ELEMENTOS DE PUNTO DE ACCESO ADICIONAL (KOHA)
Tipo de ítem Koha
Holdings
Estado de retiro Estado de pérdida Fuente del sistema de clasificación o colocación Estado dañado No para préstamo Código de colección Localización permanente Ubicación/localización actual Ubicación en estantería Fecha de adquisición Total de préstamos Código de barras Fecha visto por última vez Fecha del último préstamo Número de copia Precio válido a partir de Tipo de ítem Koha
    Dewey Decimal Classification     General Zootecnia Zootecnia   09/11/2005 1 z_3187 12/09/2025 12/09/2025 1 18/01/2022 Libro
    Dewey Decimal Classification     General Zootecnia Zootecnia   09/11/2005   z_3188 18/01/2022   2 18/01/2022 Libro
    Dewey Decimal Classification     General Zootecnia Zootecnia   09/11/2005 1 z_3189 25/11/2024 25/11/2024 3 18/01/2022 Libro
    Dewey Decimal Classification     General Zootecnia Zootecnia   09/11/2005   z_3190 18/01/2022   4 18/01/2022 Libro
    Dewey Decimal Classification     General Zootecnia Zootecnia   09/11/2005 4 z_3191 25/11/2024 25/11/2024 5 18/01/2022 Libro
    Dewey Decimal Classification     General Zootecnia Zootecnia   09/11/2005   z_3192 18/01/2022   6 18/01/2022 Libro
    Dewey Decimal Classification     General Zootecnia Zootecnia   09/11/2005 1 z_3193 30/04/2024 30/04/2024 7 18/01/2022 Libro
    Dewey Decimal Classification     General Zootecnia Zootecnia   09/11/2005 5 z_3194 06/12/2024 20/08/2024 8 18/01/2022 Libro
    Dewey Decimal Classification     General Zootecnia Zootecnia   09/11/2005   z_3195 18/01/2022   9 18/01/2022 Libro
    Dewey Decimal Classification     General Zootecnia Zootecnia   09/11/2005   z_3196 18/01/2022   10 18/01/2022 Libro
    Dewey Decimal Classification     General Zootecnia Zootecnia   09/06/2006 3 z_5297 16/05/2025 07/05/2025 11 18/01/2022 Libro